Poetika a interpretácia sna I. zborník príspevkov z interdisciplinárneho seminára Vedeckého ústavu Ladislava Hanusa Filozofickej fakulty Katolíckej univerzity v Ružomberku : 7. november 2006

Bibliographic Details
Corporate Author: Poetika a interpretácia sna Ružomberok, Slovensko
Other Authors: Zumríková Kekeliaková, Monika, 1981- (Editor)
Format: Conference Proceeding Book
Language:Slovak
Czech
Polish
PhysicalDescription:369 s. fotogr. 21 cm
Published: Ružomberok Filozofická fakulta Katolíckej univerzity 2007
ISBN:9788080842246
Edition:[1. vyd.]
Series:Rosarium
Subjects:

MARC

LEADER 00000nam a2200000 a 4500
001 vtls009281896
003 SK-MaSNL
005 20260301081559.0
008 200318s2007 xo o f 100 0dslo
015 |a SNBA2008/05-02277 
020 |a 9788080842246  |q (brož.) 
035 |a urn:nbn:sk:snk-am0094es 
035 |a urn:nbn:sk:snk-am3hbg8 
035 |a A2008237-A3FF-45BD-AEB8-E6C682992A14 
040 |a SNK  |b slo  |c SNK  |e AACR2 
041 0 |a slo  |a cze  |a pol  |b eng  |b ger 
044 |a xo  |c SK 
072 7 |a 82  |x Literatúra. Literárny život  |2 konspekt 
080 |a 82.0  |2 2001 
080 |a 159.963.3  |2 2001 
080 |a 001.83  |2 2001 
080 |a (062.534)  |2 2001 
080 |a 82.09  |2 2001 
080 |a 159.963.38  |2 2001 
080 |a 82:081  |2 2001 
111 2 |a Poetika a interpretácia sna  |d (2006 :  |c Ružomberok, Slovensko)  |9 405087 
245 1 0 |a Poetika a interpretácia sna I.  |b zborník príspevkov z interdisciplinárneho seminára Vedeckého ústavu Ladislava Hanusa Filozofickej fakulty Katolíckej univerzity v Ružomberku : 7. november 2006  |c [editorka: Monika Kekeliaková] 
250 |a [1. vyd.] 
260 |a Ružomberok  |b Filozofická fakulta Katolíckej univerzity  |c 2007 
300 |a 369 s.  |b fotogr.  |c 21 cm 
490 1 |a Rosarium 
500 |a Biogr. údaje 
504 |a Bibliogr. odkazy. Pozn. 
546 |a Čiast. text čes. a poľ. Res. angl. a nem. 
650 0 7 |a poetika  |2 SNKPH  |9 26963 
650 0 7 |a sny  |x interdisciplinárne aspekty  |2 SNKPH  |9 405088 
650 0 7 |a literárnovedné rozbory  |2 SNKPH  |9 241582 
650 0 7 |a literárne diela  |2 SNKPH  |9 64194 
650 0 7 |a výklady snov  |2 SNKPH  |9 405089 
655 7 |a zborníky konferencií  |2 SNKPH  |9 70153 
700 1 |a Zumríková Kekeliaková, Monika,  |d 1981-  |4 edt  |9 215532 
830 0 |a Rosarium  |9 347755 
919 |a 978-808084-224-6 
958 |a NB 
958 |a OND 
968 |d 82 
999 |c 656261  |d 658191 
952 |a SNK  |b SNK  |y PREZ  |7 0  |p 17A0583322  |o snkSC 131405/1  |i snk2008/7521  |8 0  |0 0  |1 0  |4 0  |d 2008-04-03  |f 1  |l 0  |r 2025-06-23 00:00:00  |w 2026-02-23 
952 |a SNK  |b SNK  |y VYP  |7 0  |p 17A0583323  |o snkSC 131405/1 D1  |i snk2008/7522  |8 0  |0 0  |1 0  |4 0  |d 2008-04-03  |l 0  |r 2026-02-23 18:37:14  |w 2026-02-23